01225nam a2200241Ia 4500001001100000003001000011008004100021040002500062041001300087100001700100245009800117250001100215260009200226300002600318500014000344501011400484520014000598650002800738942000700766957000600773999004200779952016200821L242-14016IT-CnALBA170116s9999||||xx |||||||||||||| ||und|| aIT-CnALBAcIT-CnALBA aITALIANO aSENZA AUTORE 0aDIVOZIONE DELLE QUINDICI ORAZIONI DI SANTA BRIGIDA SOPRA LA PASSIONE DI N. S. GESÙ CRISTO.  a1a ed. a ROMA, CASALE MONF.bPROPAGANDA MARIANA c1980 [1° Ed.:1980 - Ed.Ling.Originale: 1980] a32 p. (prefazione: 5) aSANTA BRIGIDA DI SVEZIA. OFFERTA DELLA MESSA. 15 ORAZIONI RIVELATE A SANTA BRIGIDA NELLA BASILICA DI SAN PAOLO FUORI LE MURA, IN ROMA.  aSocietà San Paolo EM - Piazza San Paolo, 14 - 12051 ALBA (CN) (non commercial uses only) ® Copyright 2017 aSANTA BRIGIDA DI SVEZIA. OFFERTA DELLA MESSA. 15 ORAZIONI RIVELATE A SANTA BRIGIDA NELLA BASILICA DI SAN PAOLO FUORI LE MURA, IN ROMA.  aMEDITAZIONI E PREGHIERA cBK 71 a18768bNOg Copie: 1 c273191d273191 0010406L_2421401671aALBAbALBAd2017-01-16l0oL242-14016r2017-01-16 00:00:00w2017-01-16yBKz(data import: 16 gennaio 2017) - By Epidotti, Vaglietti.